书目信息 |
| 题名: |
C语言程序设计实验指导及题解
|
|
| 作者: | 黄迪明 , 许家珆 , 胡德昆 编著 | |
| 分册: | ||
| 出版信息: | 成都 电子科技大学出版社 2008.07 |
|
| 页数: | 146页 | |
| 开本: | 26cm | |
| 丛书名: | ||
| 单 册: | ||
| 中图分类: | TP312C | |
| 科图分类: | ||
| 主题词: | C语言--C yu yan--程序设计--高等教育--教学参考资料 | |
| 电子资源: | ||
| ISBN: | 978-7-81114-818-3 | |
| 000 | 01066nam0 2200277 450 | |
| 001 | 012009082509 | |
| 005 | 20090623091238.85 | |
| 010 | @a978-7-81114-818-3@dCNY16.90 | |
| 100 | @a20090623d2008 em y0chiy0120 ea | |
| 101 | 0 | @achi |
| 102 | @aCN@b510000 | |
| 105 | @aak z 000yy | |
| 106 | @ar | |
| 200 | 1 | @aC语言程序设计实验指导及题解@AC yu yan cheng xu she ji shi yan zhi dao ji ti jie@f黄迪明 ... [等] 编著@Fhuang di ming...[deng]bian zhu |
| 210 | @a成都@c电子科技大学出版社@d2008.07 | |
| 215 | @a146页@c图@d26cm | |
| 300 | @a普通高等教育“十一五”国家级规划教材配套实验指导教材 | |
| 304 | @a题名页题 : 黄迪明, 许家珆, 胡德昆, 孙立欧编著 | |
| 330 | @a本书介绍了Turbo 2.0/3.0及Visual C++6.0编译系统的使用,对C语言程序的编辑、编译、连接、运行和调试等方法进行了介绍和指导。 | |
| 606 | 0 | @aC语言@AC yu yan@x程序设计@x高等教育@j教学参考资料 |
| 690 | @aTP312C@v4 | |
| 701 | 0 | @a黄迪明@Ahuang di ming@4编著 |
| 701 | 0 | @a许家珆@Axu jia yi@4编著 |
| 701 | 0 | @a胡德昆@Ahu de kun@4编著 |
| 801 | 0 | @aCN@bQSSK@c20090623 |
| 905 | @b747321-23@dTP312C@eH824@f3 | |
| C语言程序设计实验指导及题解/黄迪明 ... [等] 编著.-成都:电子科技大学出版社,2008.07 |
| 146页:图;26cm |
| 普通高等教育“十一五”国家级规划教材配套实验指导教材 |
| ISBN 978-7-81114-818-3:CNY16.90 |
| 本书介绍了Turbo 2.0/3.0及Visual C++6.0编译系统的使用,对C语言程序的编辑、编译、连接、运行和调试等方法进行了介绍和指导。 |
| ● |
| 相关链接 |
|
|
|
正题名:C语言程序设计实验指导及题解
索取号:TP312C/H824
 
预约/预借
| 序号 | 登录号 | 条形码 | 馆藏地/架位号 | 状态 | 备注 |
| 1 | 747321 | 207473214 | 自科二线404/301自科库 78排1列5层/ [索取号:TP312C/H824] | 在馆 | |
| 2 | 747322 | 207473223 | 自科库301/301自科库 54排2列1层/ [索取号:TP312C/H824] | 在馆 | |
| 3 | 747323 | 207473232 | 自科库301/301自科库 54排2列1层/ [索取号:TP312C/H824] | 在馆 |